| 000 | 00591nam a22001817a 4500 | ||
|---|---|---|---|
| 003 | SISC | ||
| 005 | 20160301144122.0 | ||
| 008 | 130828t xxu||||| |||| 00| 0 eng d | ||
| 050 |
_aPS 662 _b.T421 1958 |
||
| 082 |
_aHS 815.008 _b T34 1958 |
||
| 245 |
_aThey spoke for democracy : _bclassic statements of the American way / _cedited by Frederick C. Packard. |
||
| 260 |
_aN.Y : _bCharles Scribner's Sons, _c c1958. |
||
| 300 |
_a158 p. : _c21 cm. |
||
| 650 |
_aAmerican orations. _914162 |
||
| 650 |
_aUnited States _xPolitics and government. _914163 |
||
| 942 |
_2lcc _cBK |
||
| 999 |
_c9571 _d9571 |
||